000 00887nam a2200229 i 4500
001 45782
003 ES-MaACL
005 20230906161256.0
007 t|
008 030326s1968 sp ||||1| spa d
245 0 0 _aCondena y defensa de la píldora
_b: controversia mundial en torno a la "Humanae Vitae" /
_cpor Ofa Bezunartea ; con un prólogo de Antonio Arza.
260 _aZalla (Vizcaya) :
_bLa Gran Enciclopedia Vasca,
_c1968.
300 _a231 p. ;
_c19 cm.
490 1 _aColección "Reportaje-Documento" ;
_v4
610 2 4 _aIglesia Católica.
_bPapa (1963-1978: Pablo VI).
_tHumanae vitae.
_9166138
650 0 0 _aControl de natalidad-
_xAspectos religiosos.
_911339
700 1 _aBezunartea, Ofa.
_928730
700 1 _aArza, Antonio.
_923521
830 0 _aColección "Reportaje-Documento" ;
_v4
_9182071
852 _aES-MaACL
_jC-50800
_bR.67620
999 _c45782
_d45782